[Event "35. DSenEM 65+"]
[Site "Bad Wildungen"]
[Date "2023.07.22"]
[Round "6.51"]
[White "Peter, Volkhard"]
[Black "Otten, Arnold"]
[Result "1-0"]
[WhiteElo "1707"]
[BlackElo "1494"]
[PlyCount "83"]
[EventDate "2023.??.??"]
[WhiteTeam "SV Einheit Schwerin"]
[BlackTeam "ESV Rot-Weiss Goettingen"]

1. e4 e6 2. Nf3 c5 3. a3 Nc6 4. c3 Nge7 5. d4 Ng6 6. Bd3 cxd4 7. cxd4 d5 8. e5 Be7 9. O-O O-O 10. Nc3 Bd7 11. b4 Rc8 12. Ne2 f6 13. Bxg6 hxg6 14. Nf4 Qe8 15. Qd3 f5 16. h4 Kh7 17. Ng5+ Bxg5 18. hxg5 Rh8 19. Nh3 Kg8 20. f4 Kf7 21. Rf3 a6 22. Bd2 Na7 23. Rc1 Bb5 24. Qe3 Bc4 25. Nf2 Rh4 26. Nd3 Qh8 27. Kf2 Rh2 28. Nc5 Rc7 29. Rh3 Rxh3 30. gxh3 Qh4+ 31. Qg3 Qxg3+ 32. Kxg3 Nb5 33. Bc3 Nxa3 34. Na4 Nb5 35. Bb2 Ke7 36. h4 Rc6 37. Nc5 Rc7 38. Kf3 b6 39. Nxa6 Ra7 40. Ra1 Nxd4+ 41. Bxd4 Bxa6 42. b5 1-0

[Event "35. DSenEM 65+"]
[Site "Bad Wildungen"]
[Date "2023.07.22"]
[Round "6.52"]
[White "Ludwig, Richard"]
[Black "Kramell, Ralph Friedrich Kurt"]
[Result "1/2-1/2"]
[WhiteElo "1489"]
[BlackElo "1765"]
[PlyCount "64"]
[EventDate "2023.??.??"]
[WhiteTeam "SV Irxleben von 1919"]
[BlackTeam "SG 2011 Sennewitz e.V."]

1. e4 d5 2. exd5 Qxd5 3. Nc3 Qd6 4. Nf3 Bg4 5. Be2 c6 6. O-O Nf6 7. Re1 e6 8. d4 Be7 9. Be3 Nbd7 10. Qd2 O-O 11. Rad1 Nd5 12. Nxd5 exd5 13. Bf4 Qb4 14. Qxb4 Bxb4 15. c3 Ba5 16. h3 Bf5 17. Bd3 Bxd3 18. Rxd3 Rfe8 19. Rde3 Nf6 20. Rxe8+ Rxe8 21. Rxe8+ Nxe8 22. Nd2 Nc7 23. Bxc7 Bxc7 24. Kf1 f6 25. Ke2 Kf7 26. g3 g5 27. b3 b5 28. c4 dxc4 29. bxc4 bxc4 30. Nxc4 Ke6 31. g4 Kd5 32. Kd3 Bh2 1/2-1/2

[Event "35. DSenEM 65+"]
[Site "Bad Wildungen"]
[Date "2023.07.22"]
[Round "6.53"]
[White "Kaland, Joachim"]
[Black "Schneidereit, Manfred"]
[Result "1-0"]
[WhiteElo "1458"]
[BlackElo "1678"]
[PlyCount "59"]
[EventDate "2023.??.??"]
[WhiteTeam "Koenigsspr. SC.1984 e.V."]
[BlackTeam "Jueterbog"]

1. e4 c6 2. d4 e6 3. Nf3 d6 4. Bd3 Be7 5. O-O Nf6 6. Nc3 O-O 7. b3 Nbd7 8. Bb2 a6 9. e5 Nd5 10. Nxd5 cxd5 11. Qe2 b5 12. Rae1 h6 13. h3 Re8 14. Nh2 Nf8 15. f4 f5 16. exf6 Bxf6 17. c3 Bh4 18. Rd1 Ra7 19. Qf3 Rf7 20. Bc1 Bb7 21. g3 Be7 22. Qg4 e5 23. fxe5 Rxf1+ 24. Rxf1 Bg5 25. Bf4 Bc8 26. Qh5 dxe5 27. Bxg5 Qxg5 28. Qf7+ Kh8 29. Qxf8+ Rxf8 30. Rxf8# 1-0

[Event "35. DSenEM 65+"]
[Site "Bad Wildungen"]
[Date "2023.07.22"]
[Round "6.54"]
[White "Ross, Heinrich"]
[Black "Elkendorf, Werner"]
[Result "1/2-1/2"]
[WhiteElo "1602"]
[BlackElo "1578"]
[PlyCount "54"]
[EventDate "2023.??.??"]
[WhiteTeam "SG Springer Burghaun"]
[BlackTeam "Schachfreunde Drensteinfurt e. V"]

1. e4 c5 2. d4 cxd4 3. Qxd4 e6 4. Nf3 Nc6 5. Qd1 g6 6. c3 Bg7 7. Bd3 Nge7 8. O-O O-O 9. Re1 Qc7 10. Bg5 Re8 11. Nbd2 f6 12. Bh4 e5 13. h3 d5 14. Bg3 dxe4 15. Bxe4 Rd8 16. Qb3+ Kf8 17. Rad1 Na5 18. Qa3 Rb8 19. b4 Nc4 20. Nxc4 Rxd1 21. Rxd1 Qxc4 22. Rd8+ Kf7 23. Qb3 Qxb3 24. axb3 b6 25. Bd3 g5 26. Bc4+ Kg6 27. b5 h5 1/2-1/2

[Event "35. DSenEM 65+"]
[Site "Bad Wildungen"]
[Date "2023.07.22"]
[Round "6.55"]
[White "Schumacher, Ursula"]
[Black "Geibel, Henning"]
[Result "0-1"]
[WhiteElo "1531"]
[BlackElo "1384"]
[PlyCount "144"]
[EventDate "2023.??.??"]
[WhiteTeam "Bad Neuenahr"]
[BlackTeam "Ahrensburger TSV"]

1. c4 e5 2. Nc3 Nf6 3. Nf3 Nc6 4. g3 Bc5 5. e3 O-O 6. Bg2 d6 7. O-O Bg4 8. d3 d5 9. cxd5 Nxd5 10. Ne4 Bb6 11. a3 Nf6 12. h3 Bf5 13. Nxf6+ Qxf6 14. e4 Be6 15. Bg5 Qg6 16. Qc1 h6 17. Be3 Bxe3 18. Qxe3 Qh5 19. g4 Qg6 20. Rac1 Qf6 21. Rc5 Rfd8 22. b4 Rac8 23. b5 Ne7 24. Rfc1 c6 25. a4 cxb5 26. axb5 Ng6 27. Rxc8 Bxc8 28. Rc3 Qb6 29. Qxb6 axb6 30. Bf1 Bd7 31. d4 exd4 32. Nxd4 Bxg4 33. hxg4 Rxd4 34. Rc8+ Kh7 35. Rc7 Rxe4 36. f3 Rf4 37. Kf2 Ne5 38. Ke3 Rxf3+ 39. Ke2 Rb3 40. Rxb7 Rxb5 41. Ke3 Rb4 42. Bd3+ Nxd3 43. Kxd3 Rxg4 44. Rxf7 Kg6 45. Rb7 Rb4 46. Ke3 h5 47. Kf3 h4 48. Kg2 Kf6 49. Rb8 b5 50. Kh3 g5 51. Rf8+ Ke7 52. Rf5 g4+ 53. Kxh4 Ke6 54. Rg5 Kf6 55. Rc5 Ke6 56. Rg5 Kd6 57. Rh5 Kc6 58. Rg5 Kb6 59. Rf5 Rc4 60. Kg3 Ka5 61. Rf8 Ka4 62. Ra8+ Kb3 63. Ra1 b4 64. Rb1+ Kc2 65. Re1 b3 66. Re2+ Kc3 67. Re3+ Kb2 68. Re2+ Rc2 69. Re8 Kb1 70. Re1+ Rc1 71. Re2 b2 72. Kxg4 Ka1 0-1

[Event "35. DSenEM 65+"]
[Site "Bad Wildungen"]
[Date "2023.07.22"]
[Round "6.56"]
[White "Schmieder, Wolfgang Ernst"]
[Black "Semisch, Helga"]
[Result "1-0"]
[WhiteElo "1754"]
[BlackElo "1408"]
[PlyCount "50"]
[EventDate "2023.??.??"]
[WhiteTeam "SK Hofgeismar"]
[BlackTeam "SV Schmalkalden 04"]

1. Nf3 c6 2. b3 d5 3. Bb2 f5 4. g3 Nf6 5. Bg2 e6 6. d3 Bd6 7. Nbd2 f4 8. Ne5 O-O 9. Ndf3 Nbd7 10. Qd2 fxg3 11. hxg3 c5 12. O-O d4 13. Nc4 Bc7 14. a4 b5 15. Na3 Ba5 16. Qg5 Rb8 17. Kh1 Qe8 18. e3 Qf7 19. exd4 cxd4 20. Bxd4 a6 21. Ne5 Qe7 22. Nb1 Bb7 23. Bxb7 Rxb7 24. Nc6 Qd6 25. Nxa5 e5 1-0

[Event "35. DSenEM 65+"]
[Site "Bad Wildungen"]
[Date "2023.07.23"]
[Round "7.1"]
[White "Heinig, Wolfram"]
[Black "Chevelevitch, Evgueni"]
[Result "1-0"]
[WhiteElo "2217"]
[BlackElo "2368"]
[PlyCount "41"]
[EventDate "2023.??.??"]
[WhiteTeam "SK Zehlendorf e.V."]
[BlackTeam "Hamburger SK von 1830 eV"]

1. d4 Nf6 2. c4 g6 3. Nc3 Bg7 4. e4 d6 5. Nf3 O-O 6. h3 e5 7. d5 Nh5 8. g3 f5 9. exf5 gxf5 10. Ng5 Nf6 11. g4 h6 12. Ne6 Bxe6 13. dxe6 f4 14. h4 Nc6 15. g5 Ne8 16. Bd3 Ne7 17. Rg1 Kh8 18. Qe2 c6 19. gxh6 Bxh6 20. Qh5 Rf6 21. Ne4 1-0

[Event "35. DSenEM 65+"]
[Site "Bad Wildungen"]
[Date "2023.07.23"]
[Round "7.2"]
[White "Juhnke, Juergen"]
[Black "Hassenrueck, Helmut"]
[Result "1-0"]
[WhiteElo "2253"]
[BlackElo "2162"]
[PlyCount "113"]
[EventDate "2023.??.??"]
[WhiteTeam "HSK Lister Turm"]
[BlackTeam "Schachgesellschaft-Gladbeck 19/2"]

1. e4 e5 2. Nf3 Nc6 3. d4 exd4 4. Bc4 Nf6 5. e5 d5 6. Bb5 Ne4 7. Nxd4 Bc5 8. O-O O-O 9. Bxc6 bxc6 10. Be3 Qe8 11. Nd2 f6 12. Nxe4 dxe4 13. exf6 Rxf6 14. Ne2 Bd6 15. Ng3 c5 16. Bxc5 Bxg3 17. hxg3 Ba6 18. Qd5+ Re6 19. Rfd1 Qc6 20. Qxc6 Rxc6 21. b4 Bc4 22. Rd4 Bf7 23. c3 a5 24. a3 axb4 25. cxb4 Rca6 26. Rxe4 Rxa3 27. Rxa3 Rxa3 28. Re7 c6 29. Rc7 Ra1+ 30. Kh2 Bd5 31. Bd4 Rd1 32. Bxg7 Rd2 33. Bh6 Rb2 34. Rg7+ Kh8 35. Rb7 Kg8 36. Be3 h5 37. Kh3 Rb1 38. Kh4 Rh1+ 39. Kg5 Bxg2 40. Bc5 Bd5 41. Kh6 h4 42. g4 Rd1 43. g5 Be4 44. g6 Rd8 45. Rg7+ Kh8 46. Rf7 Kg8 47. Rf4 Re8 48. Rxh4 Re6 49. Rg4 Bc2 50. f4 Bf5 51. Rg5 Be4 52. Kh5 Rf6 53. Re5 Bxg6+ 54. Kg5 Kg7 55. f5 Bh7 56. Re7+ Rf7 57. f6+ 1-0

[Event "35. DSenEM 65+"]
[Site "Bad Wildungen"]
[Date "2023.07.23"]
[Round "7.3"]
[White "Gruzmann, Boris"]
[Black "Pruefer, Friedbert"]
[Result "0-1"]
[WhiteElo "2162"]
[BlackElo "2235"]
[PlyCount "109"]
[EventDate "2023.??.??"]
[WhiteTeam "Luebecker SV von 1873"]
[BlackTeam "TSG 1861 Taucha"]

1. e4 d5 2. exd5 Qxd5 3. Nc3 Qd6 4. d4 Nf6 5. Bc4 a6 6. Nge2 Nbd7 7. Bf4 e5 8. dxe5 Nxe5 9. Bb3 Bg4 10. O-O O-O-O 11. Qxd6 Bxd6 12. Bg5 Rde8 13. Bxf6 gxf6 14. Ng3 Be6 15. Nce4 Be7 16. Nh5 f5 17. Nef6 Rd8 18. Rfe1 Bxb3 19. axb3 Rd6 20. Rxe5 Bxf6 21. Nxf6 Rxf6 22. Rae1 Rd8 23. f4 Re6 24. Kf2 Rde8 25. R1e2 b6 26. b4 Kb7 27. Rxe6 fxe6 28. Kg3 Kc6 29. Kh4 Kb5 30. Kg5 Kxb4 31. Kf6 a5 32. Rd2 c5 33. Kf7 Rb8 34. Kxe6 Rf8 35. Ke7 Rg8 36. Kf6 b5 37. Kxf5 c4 38. g4 a4 39. g5 c3 40. Rd4+ Kc5 41. bxc3 a3 42. Rd1 a2 43. Ra1 Ra8 44. g6 hxg6+ 45. Kxg6 Kc4 46. f5 Kxc3 47. f6 Kxc2 48. Rxa2+ Rxa2 49. f7 Ra8 50. h4 b4 51. h5 b3 52. Kg7 b2 53. f8=Q Rxf8 54. Kxf8 b1=Q 55. h6 0-1

[Event "35. DSenEM 65+"]
[Site "Bad Wildungen"]
[Date "2023.07.23"]
[Round "7.4"]
[White "Szenetra, Werner"]
[Black "Schulz, Michael"]
[Result "0-1"]
[WhiteElo "2160"]
[BlackElo "2229"]
[PlyCount "68"]
[EventDate "2023.??.??"]
[WhiteTeam "SV Berenbostel"]
[BlackTeam "SC Zitadelle Spandau 1977 e.V."]

1. Nf3 Nf6 2. g3 d5 3. Bg2 c5 4. d3 Nc6 5. Nbd2 e6 6. O-O Be7 7. e4 O-O 8. a4 Qc7 9. Re1 dxe4 10. dxe4 e5 11. c3 Be6 12. Ng5 Bg4 13. f3 Bd7 14. Nh3 Rad8 15. Qe2 Na5 16. Nc4 Nxc4 17. Qxc4 Be6 18. Qe2 Bb3 19. Qb5 c4 20. Be3 a6 21. Qb6 Qxb6 22. Bxb6 Rd2 23. f4 Nd7 24. Bc7 f6 25. a5 Rc8 26. Bb6 Nxb6 27. axb6 Rxb2 28. Kh1 Rd8 29. Reb1 Rxb1+ 30. Rxb1 Rd1+ 31. Rxd1 Bxd1 32. fxe5 fxe5 33. Nf2 Bb3 34. Ng4 a5 0-1

[Event "35. DSenEM 65+"]
[Site "Bad Wildungen"]
[Date "2023.07.23"]
[Round "7.5"]
[White "Babrikowski, Peter"]
[Black "Buchal, Stephan"]
[Result "1/2-1/2"]
[WhiteElo "2127"]
[BlackElo "2211"]
[PlyCount "51"]
[EventDate "2023.??.??"]
[WhiteTeam "SV Schott Jena"]
[BlackTeam "SAbt SV Werder Bremen"]

1. e4 g6 2. d4 Bg7 3. Nc3 c6 4. Nf3 d6 5. Bc4 Nf6 6. e5 dxe5 7. Nxe5 O-O 8. O-O Nbd7 9. Bg5 Nb6 10. Bb3 a5 11. a4 Nfd5 12. Nxd5 Nxd5 13. Ng4 Be6 14. Re1 h5 15. Ne5 Bf5 16. Nf3 Re8 17. Qd2 Qd7 18. c3 Bg4 19. Ne5 Bxe5 20. dxe5 Nc7 21. Qe3 Be6 22. Rad1 Qc8 23. Bc2 Bf5 24. Bb3 Be6 25. Bc2 Bf5 26. Bb3 1/2-1/2

[Event "35. DSenEM 65+"]
[Site "Bad Wildungen"]
[Date "2023.07.23"]
[Round "7.6"]
[White "Ackermann, Hans Werner"]
[Black "Namyslo, Holger"]
[Result "1-0"]
[WhiteElo "2191"]
[BlackElo "2085"]
[PlyCount "185"]
[EventDate "2023.??.??"]
[WhiteTeam "Hammer Sportclub 2008 e. V."]
[BlackTeam "TG Biberach 1847 e.V."]

1. Nf3 d5 2. d4 Nf6 3. e3 e6 4. Bd3 c5 5. b3 Qc7 6. Nbd2 cxd4 7. exd4 Nc6 8. Bb2 Bd6 9. a3 O-O 10. O-O e5 11. dxe5 Nxe5 12. Nxe5 Bxe5 13. Bxe5 Qxe5 14. Nf3 Qc7 15. h3 Bd7 16. Qc1 h6 17. Qb2 Rfe8 18. Qd4 b6 19. Rfe1 Qc5 20. Qxc5 bxc5 21. Ne5 Be6 22. g4 g5 23. Bb5 Red8 24. f3 Kg7 25. Kf2 h5 26. Ba6 Rh8 27. Rh1 Rh6 28. Nd3 c4 29. Nc5 Bc8 30. Bb5 cxb3 31. cxb3 a6 32. Be2 a5 33. Bb5 Ra7 34. Rhg1 hxg4 35. hxg4 Nd7 36. Nd3 Ba6 37. Bxa6 Raxa6 38. Rh1 d4 39. Ke2 Rhe6+ 40. Kd2 Re3 41. Rhf1 Rf6 42. b4 axb4 43. axb4 Nb6 44. Rac1 Rfxf3 45. Rxf3 Rxf3 46. Rc5 f6 47. Rc7+ Kf8 48. Rc6 Nd5 49. b5 Ke7 50. Rc4 Nc3 51. Rb4 Rh3 52. b6 Rh2+ 53. Ke1 Rh1+ 54. Kf2 Rh8 55. b7 Rb8 56. Nc5 Nd5 57. Rxd4 Kd6 58. Rc4 Nb6 59. Rc1 Nd7 60. Nxd7 Kxd7 61. Rb1 Ke6 62. Rb6+ Ke5 63. Ke3 Kd5 64. Rb1 Re8+ 65. Kd3 Rb8 66. Rb2 Ke5 67. Rb4 f5 68. Rb5+ Kf4 69. gxf5 Kf3 70. f6 g4 71. f7 g3 72. Rg5 Rd8+ 73. Kc4 g2 74. Rg8 Rf8 75. Kd5 Kf2 76. Ke6 g1=Q 77. Rxg1 Kxg1 78. Ke7 Rb8 79. f8=Q Rxb7+ 80. Ke6 Rb2 81. Qc5+ Rf2 82. Ke5 Kg2 83. Qc6+ Kg1 84. Ke4 Kf1 85. Ke3 Kg1 86. Qb7 Rg2 87. Kf3 Kh2 88. Qe4 Kg1 89. Qh4 Rg8 90. Qe1+ Kh2 91. Qd2+ Kg1 92. Qc1+ Kh2 93. Qc2+ 1-0

[Event "35. DSenEM 65+"]
[Site "Bad Wildungen"]
[Date "2023.07.23"]
[Round "7.7"]
[White "Krueger, Erich"]
[Black "Salov, Sergej"]
[Result "1/2-1/2"]
[WhiteElo "2146"]
[BlackElo "2162"]
[PlyCount "62"]
[EventDate "2023.??.??"]
[WhiteTeam "Schachfreunde Essen-Katernberg"]
[BlackTeam "Luebecker SV von 1873"]

1. d4 Nf6 2. c4 d6 3. Nc3 e5 4. d5 Be7 5. e4 c5 6. Nf3 O-O 7. Be2 Ne8 8. O-O g6 9. Bh6 Ng7 10. Qd2 Nd7 11. Ne1 f5 12. exf5 gxf5 13. f4 exf4 14. Nd3 Bg5 15. Bxg5 Qxg5 16. Qxf4 Qxf4 17. Nxf4 Ne5 18. Nb5 Rf6 19. b3 Bd7 20. Nc3 Re8 21. Rae1 Rff8 22. Bd1 Ng6 23. Nce2 b5 24. Bc2 bxc4 25. bxc4 Ne5 26. Bb3 Re7 27. Nc1 Rfe8 28. Ncd3 Nxd3 29. Nxd3 Rxe1 30. Rxe1 Rxe1+ 31. Nxe1 Kf7 1/2-1/2

[Event "35. DSenEM 65+"]
[Site "Bad Wildungen"]
[Date "2023.07.23"]
[Round "7.8"]
[White "Podat, Vladimir"]
[Black "Schmid, Wolfgang"]
[Result "1-0"]
[WhiteElo "2265"]
[BlackElo "2100"]
[Annotator "hugo5"]
[PlyCount "97"]
[EventDate "2023.??.??"]
[WhiteTeam "SC Untergrombach 46"]
[BlackTeam "Stuttgarter SF 1879"]

{[%evp 0,63,21,8,32,42,65,51,88,86,82,66,76,54,54,56,96,84,133,117,147,113,128,124,207,170,322,195,208,208,165,147,151,259,259,193,193,105,116,120,173,180,173,157,167,163,208,113,114,74,74,77,77,108,111,79,91,98,101,89,89,69,437,40,107,107]} 1. e4 d5 2. exd5 Qxd5 3. Nc3 Qd8 4. d4 Nf6 5. Bc4 a6 6. Bg5 Nc6 7. Nf3 Bf5 8. d5 Nb8 9. O-O Nbd7 10. Re1 Nb6 11. Bb3 Qd6 12. Qd4 O-O-O 13. Bf4 c5 14. Qd2 Qd7 15. Ne5 Qe8 16. Qe3 e6 17. dxe6 fxe6 18. Nc4 Nxc4 19. Bxc4 Qc6 20. Bxe6+ Bxe6 21. Qxe6+ Qxe6 22. Rxe6 c4 23. Bg5 Bb4 24. Ne4 Rde8 25. Rxe8+ Rxe8 26. Nxf6 gxf6 27. Be3 Kd7 28. Rd1+ Kc6 29. Rd4 b5 30. Rh4 Bc5 31. Rxh7 Bxe3 32. fxe3 Rxe3 33. Kf2 Re6 34. Rf7 Kd5 35. Kf3 Kd4 36. Rd7+ Ke5 37. g3 f5 38. h4 Rc6 39. h5 Rh6 40. g4 Rh8 41. Re7+ Kd5 42. Re2 a5 43. gxf5 Rxh5 44. Kg4 Rh1 45. f6 Rf1 46. Kg5 b4 47. Kg6 a4 48. f7 a3 49. bxa3 1-0

[Event "35. DSenEM 65+"]
[Site "Bad Wildungen"]
[Date "2023.07.23"]
[Round "7.9"]
[White "Schober, Ralf"]
[Black "Schmidt, Bodo"]
[Result "1/2-1/2"]
[WhiteElo "2089"]
[BlackElo "2262"]
[PlyCount "80"]
[EventDate "2023.??.??"]
[WhiteTeam "SV 1919 Grimma"]
[BlackTeam "SC 1919 Siegburg e. V."]

1. Nf3 d5 2. g3 Bg4 3. Bg2 Nd7 4. d4 e6 5. Nbd2 Ngf6 6. O-O Be7 7. Re1 c5 8. c3 O-O 9. h3 Bh5 10. g4 Bg6 11. Nh4 cxd4 12. Nxg6 hxg6 13. cxd4 Qb6 14. e3 Rfc8 15. Qb3 Qa5 16. Rd1 b5 17. g5 Ne8 18. e4 Nb6 19. exd5 Nxd5 20. Bxd5 exd5 21. Nf3 Qd8 22. Be3 Bd6 23. Kg2 Rc4 24. Qd3 Qd7 25. Rac1 Rac8 26. b3 R4c7 27. Rxc7 Rxc7 28. Ne5 Qe6 29. Qxb5 f6 30. Nf3 Bf8 31. Bf4 Nd6 32. Bxd6 Bxd6 33. Re1 Qf5 34. Re8+ Kf7 35. Re3 Be7 36. gxf6 gxf6 37. Qd3 Qh5 38. Re2 Bd6 39. Qe3 Re7 40. Qd3 Rc7 1/2-1/2

[Event "35. DSenEM 65+"]
[Site "Bad Wildungen"]
[Date "2023.07.23"]
[Round "7.10"]
[White "Kannenberg, Karl-Heinz"]
[Black "Koehler, Gerhard"]
[Result "1/2-1/2"]
[WhiteElo "2081"]
[BlackElo "2185"]
[PlyCount "104"]
[EventDate "2023.??.??"]
[WhiteTeam "SC Kitzingen von 1905"]
[BlackTeam "USV Halle"]

1. d4 Nf6 2. Bf4 g6 3. Nc3 d5 4. Nf3 Bg7 5. Nb5 Na6 6. e3 c6 7. Nc3 Qb6 8. a3 O-O 9. Bd3 Nh5 10. Bg3 Nxg3 11. hxg3 e6 12. O-O c5 13. Na4 Qa5 14. Bxa6 Qxa4 15. Bd3 b6 16. c3 Qxd1 17. Raxd1 Bb7 18. Rfe1 Rac8 19. dxc5 bxc5 20. e4 c4 21. Bf1 dxe4 22. Nd2 Bd5 23. Nxe4 Rb8 24. Rb1 Rb6 25. Nd2 Rc8 26. Be2 Bh6 27. Red1 Bf8 28. Kf1 h5 29. Kg1 Be7 30. Kf1 Kg7 31. Kg1 Bf6 32. Kf1 Kf8 33. Kg1 Ke7 34. Kf1 a5 35. a4 Bg5 36. Bf3 Rcb8 37. Bxd5 exd5 38. Nf3 Bf6 39. Rxd5 Rxb2 40. Rxb2 Rxb2 41. Rxa5 Bxc3 42. Ra7+ Kd6 43. Rxf7 Ra2 44. Ra7 Kc5 45. Ra6 Kb4 46. Rxg6 Rxa4 47. Rb6+ Ka3 48. Rb5 Bf6 49. Ke2 Ra6 50. Kd2 Rd6+ 51. Kc2 Re6 52. Kd2 Rd6+ 1/2-1/2

[Event "35. DSenEM 65+"]
[Site "Bad Wildungen"]
[Date "2023.07.23"]
[Round "7.11"]
[White "Haubt, Georg"]
[Black "Schumacher, Gottfried"]
[Result "0-1"]
[WhiteElo "2074"]
[BlackElo "2147"]
[Annotator "hugo5"]
[PlyCount "50"]
[EventDate "2023.??.??"]
[WhiteTeam "SV Oberursel"]
[BlackTeam "Bad Neuenahr"]

1. d4 e6 2. Bf4 c5 3. e3 Nf6 4. Nd2 d5 5. Ngf3 Be7 6. c3 O-O 7. h3 b6 8. Ne5 Nfd7 9. Bd3 Nxe5 10. Bxe5 Ba6 11. Bc2 Nc6 12. Bh2 f5 13. g4 f4 14. exf4 cxd4 15. Ba4 dxc3 16. bxc3 Rc8 17. Nf3 Qd6 18. Rc1 Qc5 19. Qd2 Bd6 20. Qe3 Qa3 21. Bb3 Rfe8 22. Ng5 Na5 23. Bc2 h6 24. Kd1 Nc4 25. Qe1 Nb2+ {(Auf 26. Kd2 folgt Dxc3+#)} 0-1

[Event "35. DSenEM 65+"]
[Site "Bad Wildungen"]
[Date "2023.07.23"]
[Round "7.12"]
[White "Gollasch, Theo-Heinz"]
[Black "Partenheimer, Axel"]
[Result "1/2-1/2"]
[WhiteElo "1997"]
[BlackElo "2123"]
[PlyCount "50"]
[EventDate "2023.??.??"]
[WhiteTeam "Hamburger SK von 1830 eV"]
[BlackTeam "Duesseldorfer Schachklub 14/25 e"]

1. Nf3 c5 2. g3 Nc6 3. c4 g6 4. d4 cxd4 5. Nxd4 Bg7 6. e3 Nxd4 7. exd4 Qb6 8. d5 Bxb2 9. Bxb2 Qxb2 10. Nd2 Qe5+ 11. Be2 Nf6 12. O-O O-O 13. Nf3 Qd6 14. Nd4 a6 15. Bf3 b5 16. cxb5 Bb7 17. bxa6 Rxa6 18. Nb5 Qc5 19. Qd3 Ra5 20. a4 Ba6 21. Qd2 Qb6 22. Be2 Ne4 23. Qb4 Nd6 24. Rfb1 Rb8 25. Qh4 Bxb5 1/2-1/2

[Event "35. DSenEM 65+"]
[Site "Bad Wildungen"]
[Date "2023.07.23"]
[Round "7.13"]
[White "Falk, Thomas"]
[Black "Heinemann, Ernst"]
[Result "1/2-1/2"]
[WhiteElo "1996"]
[BlackElo "2100"]
[PlyCount "33"]
[EventDate "2023.??.??"]
[WhiteTeam "SV Oberursel"]
[BlackTeam "SK Union Oldenburg"]

1. Nf3 c5 2. c4 Nf6 3. d4 cxd4 4. Nxd4 e5 5. Nc2 d5 6. cxd5 Qxd5 7. Qxd5 Nxd5 8. g3 Nc6 9. Bg2 Be6 10. O-O Rd8 11. Rd1 Be7 12. Ne3 Nd4 13. Nxd5 Bxd5 14. Nc3 Bxg2 15. Kxg2 O-O 16. Bd2 f5 17. e4 1/2-1/2

[Event "35. DSenEM 65+"]
[Site "Bad Wildungen"]
[Date "2023.07.23"]
[Round "7.14"]
[White "Rydzewski, Klaus"]
[Black "Walther, Reinhard"]
[Result "1-0"]
[WhiteElo "2089"]
[BlackElo "1953"]
[PlyCount "95"]
[EventDate "2023.??.??"]
[WhiteTeam "Schachverein Horst-Emscher 31"]
[BlackTeam "SK 1911 Herzogenaurach e.V."]

1. e4 e5 2. Nf3 d5 3. exd5 Bd6 4. Bb5+ Nd7 5. Qe2 Qe7 6. Nc3 a6 7. Bxd7+ Bxd7 8. d4 exd4 9. Nxd4 Qxe2+ 10. Ncxe2 Nf6 11. c4 O-O 12. O-O b5 13. b3 Rab8 14. Bf4 bxc4 15. bxc4 Rb2 16. Rfb1 Rfb8 17. Rxb2 Rxb2 18. Bxd6 cxd6 19. f3 Kf8 20. Kf1 Ne8 21. Kf2 Nc7 22. Ke3 a5 23. Kd3 Na6 24. Kc3 Rb6 25. a4 Nc5 26. Nb5 g5 27. Ned4 h5 28. Nb3 Ra6 29. Nxc5 dxc5 30. Re1 f6 31. g3 Kf7 32. Re2 Rb6 33. f4 g4 34. Rd2 Rb8 35. Re2 Rb6 36. Rf2 Rb8 37. Rb2 Rb6 38. Kd2 Bf5 39. Kc1 Bd7 40. Nc3 Rb4 41. Rxb4 axb4 42. Ne4 Bxa4 43. Nxc5 Be8 44. Kb2 Ke7 45. Kb3 Bf7 46. Kxb4 f5 47. Kc3 Kd6 48. Kd4 1-0

[Event "35. DSenEM 65+"]
[Site "Bad Wildungen"]
[Date "2023.07.23"]
[Round "7.15"]
[White "Ehlert, Horst"]
[Black "Brueggemann, Joachim"]
[Result "0-1"]
[WhiteElo "2001"]
[BlackElo "2287"]
[PlyCount "80"]
[EventDate "2023.??.??"]
[WhiteTeam "SV Laatzen"]
[BlackTeam "Erfurter Schachklub"]

1. c4 e5 2. g3 Nf6 3. Nc3 d5 4. cxd5 Nxd5 5. Bg2 Nb6 6. Nf3 Nc6 7. O-O Be7 8. d4 exd4 9. Nb5 O-O 10. Nfxd4 Nxd4 11. Nxd4 c6 12. Nb3 a5 13. Qc2 a4 14. Nd2 Ra5 15. e4 Bg4 16. Nf3 Rc5 17. Qe2 Nc4 18. h3 Be6 19. b4 axb3 20. axb3 Ne5 21. Rd1 Nxf3+ 22. Qxf3 Qc7 23. Bf4 Qc8 24. Rab1 Bxh3 25. Bxh3 Qxh3 26. Rd3 Rb5 27. Rbd1 Qe6 28. Kg2 h6 29. R1d2 Re8 30. Rd1 Bf6 31. Re1 Be7 32. Red1 Rb4 33. e5 Rb5 34. g4 g5 35. Bg3 Rb4 36. Rd7 Rxb3 37. R1d3 Rb4 38. R7d4 Rxd4 39. Rxd4 b5 40. Rd3 Rd8 0-1

[Event "35. DSenEM 65+"]
[Site "Bad Wildungen"]
[Date "2023.07.23"]
[Round "7.16"]
[White "Kyas, Juergen"]
[Black "Biller, Helmut"]
[Result "1-0"]
[WhiteElo "2139"]
[BlackElo "1980"]
[PlyCount "55"]
[EventDate "2023.??.??"]
[WhiteTeam "SV Eiche Reichenbrand"]
[BlackTeam "SF Frankfurt 1921"]

1. e4 e5 2. Bc4 Nf6 3. d3 c6 4. Nf3 Be7 5. Bb3 O-O 6. O-O d6 7. Nbd2 Nbd7 8. c3 h6 9. Re1 Re8 10. Nf1 Bf8 11. Ng3 g6 12. h3 Nc5 13. Bc2 Qc7 14. d4 Ne6 15. Be3 Bg7 16. Qd2 Kh7 17. Rad1 Rd8 18. Nf5 Ng8 19. Nxg7 Kxg7 20. Nh2 Bd7 21. d5 Nf8 22. f4 f6 23. fxe5 dxe5 24. Bb3 g5 25. Rf1 c5 26. d6 Qc8 27. Bxg8 Kxg8 28. Rxf6 1-0

[Event "35. DSenEM 65+"]
[Site "Bad Wildungen"]
[Date "2023.07.23"]
[Round "7.17"]
[White "Knaak, Joachim"]
[Black "Zuehlke, Burkhard"]
[Result "1-0"]
[WhiteElo "2121"]
[BlackElo "1980"]
[PlyCount "81"]
[EventDate "2023.??.??"]
[WhiteTeam "SV Dresden-Leuben"]
[BlackTeam "SGem 1882 Fuerth"]

1. d4 Nf6 2. c4 g6 3. Nc3 Bg7 4. e4 d6 5. Be2 O-O 6. Nf3 e5 7. O-O Nc6 8. d5 Ne7 9. Ne1 Nd7 10. Nd3 f5 11. f3 f4 12. Bd2 g5 13. Rc1 Ng6 14. b4 Nf6 15. c5 Rf7 16. Be1 h5 17. Nf2 Bh6 18. Rc2 Rg7 19. Kh1 Nh4 20. h3 Kh7 21. Kh2 a6 22. Nd3 Nxg2 23. Kxg2 g4 24. hxg4 hxg4 25. Rh1 gxf3+ 26. Kxf3 Qg8 27. Bh4 Rg3+ 28. Kf2 Ng4+ 29. Bxg4 Bxg4 30. Ne2 Rg2+ 31. Kf1 f3 32. Ng3 f2 33. Kxg2 Bxd1 34. Rxd1 Qg4 35. Rh1 f1=Q+ 36. Kxf1 Qf3+ 37. Nf2 Rg8 38. Nf5 Rg2 39. Rg1 Rh2 40. cxd6 cxd6 41. Rc7+ 1-0

[Event "35. DSenEM 65+"]
[Site "Bad Wildungen"]
[Date "2023.07.23"]
[Round "7.18"]
[White "Schmidt, Gerhard"]
[Black "Schaefer, Martin"]
[Result "0-1"]
[WhiteElo "2071"]
[BlackElo "1929"]
[PlyCount "70"]
[EventDate "2023.??.??"]
[WhiteTeam "Schachverein Kreuztal e. V."]
[BlackTeam "SG Ennepe-Ruhr-Sued e.V."]

1. Nf3 f5 2. c4 d6 3. d4 Nf6 4. g3 g6 5. Bg2 Bg7 6. O-O O-O 7. Nc3 c6 8. Rb1 a5 9. Qb3 Kh8 10. Na4 Na6 11. Nb6 Ra7 12. Nxc8 Qxc8 13. Rd1 Qc7 14. Ng5 Qd7 15. c5 d5 16. Bf4 h6 17. Nf3 Kh7 18. Ne5 Qc8 19. Qb6 Ra8 20. Qxa5 Ne4 21. Qe1 g5 22. f3 gxf4 23. fxe4 Bxe5 24. dxe5 fxe4 25. gxf4 Rxf4 26. e3 Rg4 27. Kh1 Qf5 28. Qf1 Qxf1+ 29. Rxf1 Nxc5 30. Bh3 Rg7 31. Rg1 Rg5 32. Rbf1 Rag8 33. Rf7+ R5g7 34. Bf5+ Kh8 35. Rg3 Rxf7 0-1

[Event "35. DSenEM 65+"]
[Site "Bad Wildungen"]
[Date "2023.07.23"]
[Round "7.19"]
[White "Zimmermann, Rolf"]
[Black "Mann, Klaus-Dieter"]
[Result "1-0"]
[WhiteElo "2067"]
[BlackElo "1908"]
[PlyCount "82"]
[EventDate "2023.??.??"]
[WhiteTeam "Duesseldorfer Schachklub 14/25 e"]
[BlackTeam "SV Osnabrueck von 1919"]

1. c4 Nf6 2. g3 g6 3. Bg2 Bg7 4. Nc3 d6 5. e3 c6 6. b3 O-O 7. Bb2 Re8 8. d4 Na6 9. Nge2 d5 10. cxd5 cxd5 11. Nf4 e6 12. Rc1 Bd7 13. O-O b5 14. Nd3 b4 15. Na4 Bxa4 16. bxa4 Qb6 17. Qb3 Rec8 18. Rc2 Ne8 19. Rfc1 Rxc2 20. Rxc2 Nd6 21. Nc5 Nc7 22. Bf1 Nde8 23. Bc1 Bf8 24. Nd7 Qb7 25. Nxf8 Kxf8 26. a5 Rb8 27. a3 bxa3 28. Qxa3+ Kg7 29. Qc3 a6 30. Rb2 Qa8 31. Rb6 Rxb6 32. axb6 Nb5 33. Qc5 Ned6 34. Bd3 Qb7 35. Bd2 Nc4 36. Bb4 Qb8 37. Bxc4 dxc4 38. Qf8+ Qxf8 39. Bxf8+ Kxf8 40. b7 c3 41. b8=Q+ Kg7 1-0